000 00449nam a2200193Ia 4500
005 20240606063735.0
008 240331s9999 xx 000 0 und d
082 _bZAR
_a346
100 _aZarook, A.R.M
245 0 _aEssentials of muslim marriage
250 _a1 st
260 _aColombo
_bArt Printers & Publishers
_c1990
300 _a43 p.,
650 _aWomen
650 _aMuslims
650 _aMarriage
650 _aLaw
942 _cL
999 _c2847
_d2847